Proceedings of International Conference on Modeling Optimization and Computing ICMOC-2012 (Record no. 210998)

MARC details
000 -LEADER
fixed length control field 00476nam a2200169Ia 4500
008 - FIXED-LENGTH DATA ELEMENTS--GENERAL INFORMATION
fixed length control field 240823s9999||||xx |||||||||||||| ||und||
082 ## - DEWEY DECIMAL CLASSIFICATION NUMBER
-- 629.8312 Q2
100 ## - MAIN ENTRY--PERSONAL NAME
Personal name Rajesh R. et al.
245 #0 - TITLE STATEMENT
Title Proceedings of International Conference on Modeling Optimization and Computing ICMOC-2012
250 ## - EDITION STATEMENT
Edition statement 1st
260 ## - PUBLICATION, DISTRIBUTION, ETC. (IMPRINT)
Date of publication, distribution, etc 2012
Name of publisher, distributor, etc NICHE Mech Publica
500 ## - GENERAL NOTE
General note TRANSFERED
650 ## - SUBJECT ADDED ENTRY--TOPICAL TERM
Topical term or geographic name as entry element ICMOC 2012
942 ## - ADDED ENTRY ELEMENTS (KOHA)
Item type Books
Holdings
Withdrawn status Lost status Damaged status Permanent location Current location Shelving location Date acquired Source of acquisition Cost, normal purchase price Full call number Barcode Date last seen Koha item type
      CENTRAL LIBRARY, NOORUL ISLAM CENTRE FOR HIGHER EDUCATION CENTRAL LIBRARY, NOORUL ISLAM CENTRE FOR HIGHER EDUCATION   01/01/2002 Gift From Department 450.00 629.8312 Q2 61159 08/23/2024 Books
Visitors:
Copyright © 2024 Central Library NICHE.  All rights reserved.